000 00967nam a2200169 a 4500
001 000037453
005 20200930080358.0
008 120418s1997 dr 000 0 spa d
040 _aDO-SdBNP
_bspa
_cBNPHU
082 _axxxx
_bxxxx
245 0 0 _aPlan estratégico de la asociación de productores agrícolas de San Juan de la Maguana /.
260 _aSanto Domingo, :
_bJunta Agroempresarial Dominicana,
_c1997.
300 _a80 p. ;
_c23 cm.
490 0 _aPlanes estrategicos
_v1
505 0 _tResumen ejecutivo --
_tIntroducción --
_tAntecedentes --
_tLa agricultura de la región y de la asociación --
_tEl entorno nacional e internacional en relación con la agricultura de la región --
_tLa asociacion de productores agricolas de San Juan de la Maguana: diagnistico de los problemas y oportunidades --
_tPlan de acción para la asociación --
_tImplicaciones del plan --
_tImpacto del plan estrategico --
_tRecomendaciones /
830 0 _aPlanes estrategicos
_n1
_963904
999 _c36943
_d36943